Normal view
MARC view
- Mitra. A
Entry Personal Name
001 - CONTROL NUMBER
- control field: 1217
003 - CONTROL NUMBER IDENTIFIER
- control field: OSt
005 - DATE AND TIME OF LATEST TRANSACTION
- control field: 20161115135547.0
008 - FIXED-LENGTH DATA ELEMENTS
- fixed length control field: 161115|| aca||aabn | a|a d
040 ## - CATALOGING SOURCE
- Original cataloging agency: OSt
100 ## - HEADING--PERSONAL NAME
- Personal name: Mitra. A